Homicide Worldwide Quiz Stats

 Plays Quiz Updated Jan 11, 2013

Challenge
Share
Tweet
Embed
Score 0/30 Timer 06:00
3 Plays Today
Rate per 100k Country % Correct
22.8Brazil
75.6%
36.8South Africa
71.3%
35.9Colombia
69.4%
21.6Russia
67.8%
52.0Venezuela
59.7%
61.3Honduras
56.5%
24.2Sudan
53.8%
21.7Democratic Republic of the Congo
50.7%
51.9El Salvador
50.7%
46.0Guatemala
50%
59.5Jamaica
49.5%
25.5Ethiopia
44.7%
36.3Uganda
44.3%
34.4Belize
44.2%
24.8Dominican Republic
42.2%
Rate per 100k Country % Correct
29.3Central African Republic
37.7%
30.8Republic of the Congo
36.3%
33.0Lesotho
34.9%
38.0Zambia
34.9%
21.0Guyana
33.6%
56.9Côte d'Ivoire
33.3%
24.5Tanzania
32.8%
22.5Guinea
29.2%
21.5Bahamas
28.5%
36.0Malawi
27.8%
41.1Trinidad and Tobago
27.2%
21.7Burundi
26.8%
45.0St. Kitts and Nevis
23.9%
22.9Saint Lucia
21.7%
24.7Saint Vincent and the Grenadines
21.4%

You're not logged in!

Compare scores with friends on all Sporcle quizzes.
OR
Log In

You Might Also Like...

Show Comments

Extras

Top Quizzes Today


Score Distribution

Your Account Isn't Verified!

In order to create a playlist on Sporcle, you need to verify the email address you used during registration. Go to your Sporcle Settings to finish the process.

Report this User

Report this user for behavior that violates our Community Guidelines.

Details: